Japanese crafts : Materials and their applications (selected early papers from the Japan Society of London)

About history Japan's handicraft

שמור ב:
מידע ביבליוגרפי
פורמט: ספר
שפה:Undetermined
יצא לאור: London The Book Orential 1977
נושאים:
תגים: הוספת תג
אין תגיות, היה/י הראשונ/ה לתייג את הרשומה!
Thư viện lưu trữ: Trung tâm Học liệu Trường Đại học Cần Thơ
LEADER 00667nam a2200205Ia 4500
001 CTU_218403
008 210402s9999 xx 000 0 und d
082 |a 680 
082 |b J33 
245 0 |a Japanese crafts : 
245 0 |b Materials and their applications (selected early papers from the Japan Society of London) 
245 0 |c edited by B. Hickman 
260 |a London 
260 |b The Book Orential 
260 |c 1977 
520 |a About history Japan's handicraft 
650 |a Handicraft,Thủ công mỹ nghệ 
650 |x Japan,History,Nhật Bản,Lịch sử 
904 |i Nguyên 
980 |a Trung tâm Học liệu Trường Đại học Cần Thơ